Wealth and poverty
שמור ב:
| מחבר ראשי: | |
|---|---|
| פורמט: | ספר |
| שפה: | Undetermined |
| יצא לאור: |
New York
Bantam Books
1981
|
| נושאים: | |
| תגים: |
הוספת תג
אין תגיות, היה/י הראשונ/ה לתייג את הרשומה!
|
| Thư viện lưu trữ: | Trung tâm Học liệu Trường Đại học Cần Thơ |
|---|
| LEADER | 00474nam a2200181Ia 4500 | ||
|---|---|---|---|
| 001 | CTU_87020 | ||
| 008 | 210402s9999 xx 000 0 und d | ||
| 082 | |a 330.12 | ||
| 082 | |b G468 | ||
| 100 | |a Gilder, George | ||
| 245 | 0 | |a Wealth and poverty | |
| 245 | 0 | |c George Gilder | |
| 260 | |a New York | ||
| 260 | |b Bantam Books | ||
| 260 | |c 1981 | ||
| 650 | |a Capitalism,Supply-side economics | ||
| 904 | |i Tuyến | ||
| 980 | |a Trung tâm Học liệu Trường Đại học Cần Thơ | ||